Statystyki dla Quiz o Azerbejdżanie

Kliknij tutaj aby rozwiązać quiz!

Ogólne statystyki

  • Ten quiz został rozwiązany 949 razy
  • Średni wynik to 13 z 18

Statystyki odpowiedzi

WskazówkaOdpowiedź% Poprawnych
Państwa granicząceRosja
98%
Państwa granicząceArmenia
97%
Państwa granicząceGruzja
97%
StolicaBaku
95%
Państwo, od którego Azerbejdżan uzyskał niepodległość w 1991 rokuZwiązek Radziecki
94%
Państwa granicząceTurcja
92%
Państwa granicząceIran
91%
Azerbejdżan, mimo że jest krajem azjatyckim,
bierze udział w tym konkursie piosenki
Eurowizja
87%
Jezioro, nad którym znajduje się stolicaMorze {Kaspijskie}
84%
Pasmo górskie na północy AzerbejdżanuKaukaz
81%
Słowo na E opisujące odłączoną część kraju otoczoną
obcym terytorium, na przykład "Autonomiczna Republika Nachiczewanu”.
Eksklawa
58%
Gałąź islamu wyznawana przez 89% populacjiSzyizm
55%
Region dotknięty wojną etniczną w latach 1988–1994, konflikt wciąż nierozwiązanyGórski Karabach
52%
Sport, w którym Azerbejdżan zdobył 22 z 42 medali olimpijskichWrestling
44%
Szachista urodzony i wykształcony w Azerbejdżanie,
mistrz świata w latach 1985–2000
Garri Kasparow
40%
Narodowe zwierzę to specyficzna rasa...Konia
34%
Na początku XX wieku Azerbejdżan
produkował ponad 50% światowej podaży...
Ropy naftowej
33%
Azerbejdżan ma 400 takich "wulkanów”, najwięcej ze wszystkich krajów
(uwaga: nie są to prawdziwe wulkany)
Wulkan {błotny}
21%

Rozkład punktacji

Percentyl według liczby udzielonych odpowiedzi

Procent ludzi z każdym wynikiem

Twoja historia wyników

Nie rozwiązałeś tego quizu